000 01142nam a2200301Ia 4500
003 OSt
005 20221007123217.0
006 a|||||r|||| 00| 0
007 ta
008 221006b |||||||| |||| 00| 0 eng d
020 _a0306441195
024 _a2495
037 _cTextual
040 _aPAPL
_cPAPL
_beng
041 _2eng
_aeng
082 _aC21p1,N90, N1
100 _aEsaki Leo Ed
_9716843
111 _aNATO Science Forum '90 highlights of the eighties and future prospects in condensed matter physics^eFrance^gBiarritz^iSeptember 16-21,1990
_9716844
245 0 _aHighlights in condensed matter physics and future prospects by Leo Esaki
260 _aNew
_bYork Plenum Press
_c1991
300 _a708p
_ccm.
490 _vNATO Science Forum '90 highlights of the eighties and future prospects in condensed matter physics held September 16-21,1990, in Biarritz, France
_aNATO ASI series, series B Physics. 285
650 _a Condensed Matter
650 _a International Conference
_9716845
650 _aPhysics
942 _hC21p1,N90, N1
_cTEXL
_2CC
999 _c1211529
_d1211529